| 000 | 00719 a2200193 4500 | ||
|---|---|---|---|
| 003 | NUST | ||
| 005 | 20230126190917.0 | ||
| 010 | _a38031274 | ||
| 040 | _cNust | ||
| 082 | _a903.551,SOL | ||
| 100 |
_aSolonevich, Ivan _9107833 |
||
| 245 |
_aEscape from Russia in chains / _c Ivan Solonevich ; translated by Warren Harrow |
||
| 260 |
_aWilliams and Norgate ltd _bLondon _c1938 |
||
| 300 |
_a350 p.; _b front _cports _e22 cm |
||
| 505 | _aProletariat (Page-15), The Upper Crust (Page-79), The Spartaciad (Page-144), Youth in CAMP (Page-183), Clearance of Life (Page-222), The Escape (Page-278). | ||
| 600 |
_aSolonevich, Ivan _9107833 |
||
| 650 |
_aEscape from russia in chains _9107834 |
||
| 942 |
_2ddc _cBK _k903.551,SOL |
||
| 999 |
_c186196 _d186196 |
||